Grandeza y servidumbre de la mujer (Record no. 120522)

MARC details
000 -LEADER
campo de control de longitud fija 00652nam a2200205 i 4500
001 - NÚMERO DE CONTROL
campo de control 120522
003 - IDENTIFICADOR DE NÚMERO DE CONTROL
campo de control ES-MaACL
005 - FECHA Y HORA DE LA ÚLTIMA TRANSACCIÓN
campo de control 20230906191553.0
007 - CAMPO FIJO DE DESCRIPCIÓN FÍSICA--INFORMACIÓN GENERAL
campo de control de longitud fija t|
008 - DATOS DE LONGITUD FIJA--INFORMACIÓN GENERAL
campo de control de longitud fija 070214s1946 ag f |||| | spa d
080 ## - NÚMERO DE LA CLASIFICACIÓN DECIMAL UNIVERSAL
Número de la Clasificación Decimal Universal 308-055
100 1# - ENTRADA PRINCIPAL--NOMBRE DE PERSONA
Nombre de persona Pittaluga, Gustavo,
Fechas asociadas al nombre 1876-1956
9 (RLIN) 155591
245 10 - MENCIÓN DEL TÍTULO
Título Grandeza y servidumbre de la mujer
Resto del título : la posición de la mujer en la historia /
Mención de responsabilidad, etc. Gustavo Pittaluga.
260 ## - PUBLICACIÓN, DISTRIBUCIÓN, ETC.
Lugar de publicación, distribución, etc. Buenos Aires :
Nombre del editor, distribuidor, etc. Ed. Sudamericana,
Fecha de publicación, distribución, etc. 1946.
300 ## - DESCRIPCIÓN FÍSICA
Extensión 803 p., 64 lám. ;
Dimensiones 22 cm.
500 ## - NOTA GENERAL
Nota general Índice.
650 04 - PUNTO DE ACCESO ADICIONAL DE MATERIA--TÉRMINO DE MATERIA
Término de materia o nombre geográfico como elemento de entrada Mujeres-
Subdivisión general Situación social-
Subdivisión de forma Historia.
9 (RLIN) 167789
852 ## - LOCALIZACIÓN
Ubicación ES-MaACL
Número de control de estantería C-4795
Holdings
Estatus retirado Estado de pérdida Estado de daño No para préstamo Biblioteca de origen Biblioteca actual Ubicación en estantería Fecha de adquisición Fuente de adquisición Total de préstamos Signatura topográfica completa Código de barras Visto por última vez Precio de reemplazo Tipo de ítem Koha
        Biblioteca del Ateneo de Madrid Biblioteca del Ateneo de Madrid Sala Palomar 17/01/2008     C-4795 1125625 23/02/2023 23/02/2023 Libro impreso